Combining images with Photoshop Elements : Selecting, layering, masking, and compositing
Αποθηκεύτηκε σε:
| Κύριος συγγραφέας: | |
|---|---|
| Μορφή: | Sách |
| Γλώσσα: | Undetermined |
| Έκδοση: |
Wiley Publishing
2006
|
| Θέματα: | |
| Ετικέτες: |
Προσθήκη ετικέτας
Δεν υπάρχουν, Καταχωρήστε ετικέτα πρώτοι!
|
| Thư viện lưu trữ: | Trung tâm Thư viện - Trường Đại học Công nghiệp TP. Hồ Chí Minh |
|---|
| LEADER | 00537nam a2200157Ia 4500 | ||
|---|---|---|---|
| 001 | UIH_07459 | ||
| 008 | 231011s9999 xx 000 0 und d | ||
| 082 | |a 006.68 | ||
| 100 | |a LoCascio, Ted | ||
| 245 | 0 | |a Combining images with Photoshop Elements : Selecting, layering, masking, and compositing | |
| 245 | 0 | |c LoCascio, Ted | |
| 260 | |b Wiley Publishing | ||
| 260 | |c 2006 | ||
| 650 | |a Đồ học máy tính; | ||
| 927 | |a Sách | ||
| 980 | |a Trung tâm Thư viện - Trường Đại học Công nghiệp TP. Hồ Chí Minh | ||